LEADER 01299nam--2200385---450- 001 990001080460203316 005 20050516123906.0 010 $a88-8251-036-0 035 $a000108046 035 $aUSA01000108046 035 $a(ALEPH)000108046USA01 035 $a000108046 100 $a20020515d1998----km-y0itaa0103----ba 101 $aita 102 $aIT 105 $aa|||z|||001yy 200 1 $aCastelfranco di Sopra nella storia religiosa e civile nel 7. centenario della sua istituzione (1296)$fGiuseppe Raspini 210 $aFirenze$cG.Pagnini$d1998 215 $a120 p.$cill.$d24 cm 225 2 $a<> chiesa fiesolana$v33 410 0$12001$a<> chiesa fiesolana 607 0 $aCastelfranco di Sopra$xStoria religiosa 676 $a282.4559 700 1$aRASPINI,$bGiuseppe$0210529 801 0$aIT$bsalbc$gISBD 912 $a990001080460203316 951 $aII 2 2187(XIV 1424)$b162447 L.M.$cXIV$d00081856 959 $aBK 969 $aUMA 979 $aSTELLA$b10$c20020515$lUSA01$h0932 979 $aPAOLA$b90$c20020522$lUSA01$h1722 979 $aPATRY$b90$c20040406$lUSA01$h1715 979 $aCOPAT6$b90$c20050516$lUSA01$h1239 996 $aCastelfranco di Sopra nella storia religiosa e civile nel 7. centenario della sua istituzione, 1296$9803004 997 $aUNISA LEADER 01245nam0 22003133i 450 001 VAN00092052 005 20240806100652.891 010 $a38-15-41330-3 100 $a20121126d1994 |0itac50 ba 101 $alat$aGRC 102 $aDE 105 $a|||| ||||| 200 1 $aHippolytus$fEuripides$gedidit Walter Stockert 205 $aStutgardiae$gLipsiae : in aedibus B. G. Teubneri 210 $aXXXVIII$d118 p. ; 20 cm 215 $aTesto in greco. 410 1$1001VAN00044566$12001 $aBibliotheca scriptorum Graecorum et Romanorum Teubneriana$1210 $aLeipzig$cTeubner$1300 $aIl luogo di pubblicazione varia nel tempo 517 1$3VAN00092096$aHippolitos. 620 $dStuttgart$3VANL001125 700 0$aEuripides$3VANV024949$0229973 702 1$aStockert$bWalter$3VANV074301 712 $aTeubner $3VANV109204$4650 790 0$aEuripide$zEuripides$3VANV029416 801 $aIT$bSOL$c20250131$gRICA 899 $aBIBLIOTECA DEL DIPARTIMENTO DI GIURISPRUDENZA$1IT-CE0105$2VAN00 912 $aVAN00092052 950 $aBIBLIOTECA DEL DIPARTIMENTO DI GIURISPRUDENZA$d00CONS XVIII.Q.59 $e00 5806 20121126 996 $aHippolytus$917991 997 $aUNICAMPANIA